00803cam a22001811 4500001001000000003000900010005001700019008004100036040002500077110003800102245013500140260005300275300003400328942001400362952011100376952011700487999001700604000013463DO-SdBNP20251029111752.0750807s1973 ve bk 000 0 spa  aDO-SdBNPbspacBNPHU2 aBanco Central de Venezuela.9365910aEstudio sobre presupuestos familiares en el área metropolitana de Caracas para la elaboración de un índice de costo de vida. aCaracas, Venezuela :bBanco de Venezuela,c1973. a144 p. :bil., mapa ;c23 cm. 2ddccLBS1 001052708MOaGRbGRcHDd2009-11-24iLF1l0o p13463-10r2020-06-25w2020-06-25y2ZPréstamo interno 001053728MOaGRbGRcCTd2009-11-24iLF1l0o p13463-20r2020-06-25te. 2w2020-06-25y2ZPréstamo interno c13087d13087